• 首页
  • 本馆介绍
  • 公告通知
  • 最新文献
  • 馆藏检索
  • 电子资源
  • 读者导购
  • 参考咨询
  • 我的图书馆
  • 登录
  • 详细信息显示
  • 放入我的书架
  • 预约/预借图书
  • 作者相关作品
  • 分类相关作品
  • 丛书相关作品
  • 出版社相关作品

书目信息

  • 表格格式
  • 工作单格式
  • 卡片格式
题名:
简明运动生理学教程
    
 
作者: 吕新颖 编著
分册:  
出版信息: 合肥   合肥工业大学出版社  2005
页数: 423页
开本: 21cm
丛书名:
单 册:
中图分类: G804.2
科图分类:
主题词: 运动生理--生理学--教材 , 运动生理 , 生理学
电子资源:
ISBN: 7-81093-204-7
000 00811nam0 2200241 450
001 002988103
005 20061031171651.34
010    @a7-81093-204-7@dCNY20.00
100    @a20051016d2005 em y0chiy0110 ea
101 0  @achi
102    @aCN@b340000
105    @aa z 000yy
200 1  @a简明运动生理学教程@9jian ming yun dong sheng li xue jiao cheng@f吕新颖编著
210    @a合肥@c合肥工业大学出版社@d2005
215    @a423页@c图@d21cm
330    @a本书共16章,包括:细胞的基本功能、骨骼肌活动的生理基础、呼吸、血液、血液循环、运动中氧的供应与消耗、体育教学训练原则和方法的生理学分析等内容。
606 0  @a运动生理@x生理学@j教材
606 0  @a运动生理
606 0  @a生理学
690    @aG804.2@v4
701  0 @a吕新颖@9lü xin ying@f(1956~)@4编著
801  0 @aCN@bNLC@c20061031
905    @a10447@dG804.2@e191
    
    简明运动生理学教程/吕新颖编著.-合肥:合肥工业大学出版社,2005
    423页:图;21cm
    
    
    ISBN 7-81093-204-7:CNY20.00
    本书共16章,包括:细胞的基本功能、骨骼肌活动的生理基础、呼吸、血液、血液循环、运动中氧的供应与消耗、体育教学训练原则和方法的生理学分析等内容。
●
相关链接 在E读中查询图书 在五车中查询图书 在当当中查询图书 在豆瓣中查询图书


正题名:简明运动生理学教程     索取号:G804.2/191         预约/预借

序号 登录号 条形码 馆藏地/架位号 状态 备注
1 0386528   203865282   第一样本阅览室/ [索取号:G804.2/191] 在馆    
2 0386529   203865291   第四借阅区/ [索取号:G804.2/191] 在馆    
3 0386530   203865308   第四借阅区/ [索取号:G804.2/191] 在馆    
4 0386531   203865317   第四借阅区/ [索取号:G804.2/191] 在馆    
5 0386532   203865326   第四借阅区/ [索取号:G804.2/191] 在馆    
唐山师范学院图书馆 欢迎您!
大连网信软件有限公司© 版权所有